Welcome to the Holygrace Academy Library

Please use search bar below to get started

DIARY OF A WIMPY KID (Record no. 6147)

MARC details
000 -LEADER
fixed length control field 00538nam a22001457a 4500
020 ## - INTERNATIONAL STANDARD BOOK NUMBER
ISBN 978-0-141-32765-5
082 ## - DEWEY DECIMAL CLASSIFICATION NUMBER
Classification number 823
Item number KIN/D
100 ## - MAIN ENTRY--AUTHOR NAME
Personal name KINNEY, JEFF
245 ## - TITLE STATEMENT
Title DIARY OF A WIMPY KID
Remainder of title DOG DAYS
260 ## - PUBLICATION, DISTRIBUTION, ETC. (IMPRINT)
Place of publication ENGLAND
Name of publisher PUFFIN BOOKS
Year of publication 2009
300 ## - PHYSICAL DESCRIPTION
Number of Pages 214
520 ## - SUMMARY, ETC.
Summary, etc Greg Heffley, the main protagonist, having his summer plans ruined when his parents leave him home with his mean older brother for the summer. The humor in this book is relatable and funny.
650 ## - SUBJECT ADDED ENTRY--TOPICAL TERM
Topical Term YOUNG ADULT FICTION COMEDY
Geographic subdivision UNITED KINGDOM
942 ## - ADDED ENTRY ELEMENTS (KOHA)
Koha item type Books
Holdings
Withdrawn status Lost status Collection code Home library Current library Shelving location Date acquired Source of acquisition Full call number Accession Number Koha item type Cost, normal purchase price
    Fiction Main Library Main Library SHELF 15 H-HARRY POTTER(CHARACTERISATION),WIMPY KID,DORK DIARIES 26/10/2017 purchase 823 KIN/D 10100 Books  
    Fiction Main Library Main Library SHELF 15 H-HARRY POTTER(CHARACTERISATION),WIMPY KID,DORK DIARIES 23/01/2019 purchase 823 KIN/D 10578 Books 299.00
    Fiction Main Library Main Library SHELF 15 H-HARRY POTTER(CHARACTERISATION),WIMPY KID,DORK DIARIES 18/03/2019 purchase 823 KIN/D 11110 Books